| 000 | 00633nam a22002057a 4500 | ||
|---|---|---|---|
| 005 | 20160822105525.0 | ||
| 010 | _aENG-115797 | ||
| 020 |
_a9789385285417 _c795.00 |
||
| 035 | _aEN-99329 | ||
| 037 | _bDBAD/PUB | ||
| 082 | _a385.3095415 | ||
| 100 | _aGhose,Premola | ||
| 245 |
_aThe Kangra : _cby Premola Ghose ; Photograph by Ram Rahman _bVelly train / |
||
| 260 |
_aNew Delhi _bNiyogi Books _c2016 |
||
| 270 |
_aD-78,Okhla Indurtrial Area,Phase-I _bNew Delhi _e110025 |
||
| 300 |
_a135p. : _b23cm(pbk) _cill. |
||
| 500 | _aIncludes references | ||
| 700 | _aRam Rahman | ||
| 942 |
_2ddc _cEN _mGHE _h385.3095415 |
||
| 999 |
_c102628 _d102628 |
||